| 000 | 01824nam a2200373 i 4500 | ||
|---|---|---|---|
| 999 |
_c94757 _d94757 |
||
| 001 | 116946 | ||
| 003 | BJBSDDR | ||
| 005 | 20230410142402.0 | ||
| 008 | 140814s2008 ag a rb 000 0 spa d | ||
| 020 | _a9789876010658 | ||
| 040 | _cBJBSDDR | ||
| 041 | 0 | _aspa | |
| 050 | 1 | 4 |
_aP 90 _bP523d 2008 |
| 082 | _2302.2 | ||
| 100 | 1 |
_aPfander, Stefan _95999 |
|
| 245 | 1 | 3 |
_aLa des/comunicación y sus re/medios / _cStefan Pfander y Jorg Wagner ; con la colaboración de Juliane Bucher y Oliver Ehmer ; traducción y redacción Juan Ennis y Alejandro Pelfini. |
| 260 |
_aBuenos Aires : _bLa Crujía Ediciones, _c2008 |
||
| 300 |
_a175 p. : _bill. ; _c20 cm. |
||
| 490 | 1 | _aInclusiones, Categorías | |
| 504 | _aIncluye bibliografía. | ||
| 505 | 0 | _aHablamos, pero no nos Entendemos -- La Comunicación Interface y la Aplicación de las Máximas de Grice a ka Interacción Hombre - Máquina -- El Internet Relay Chat y la Disolución de las Máximas de Grice en la Comunidad Virtual del " Todo Donde " -- Conversando el Mundo Face - to -Face o Hacia unas Nuevas Máximas de Comunicación -- del Cambalache Informático al ARS IMprovisationis o ¿ Cómo remediar a la Descomunicación ?. | |
| 520 | _atemiendo el fin del mundo de la información, los infaltables pesimistas culturales ven el chateo y en la interacción hombre - máquina un nuevo fracaso comunicativo y una corrupción del Lenguaje. | ||
| 650 | 4 |
_aComunicación _91966 |
|
| 650 | 4 |
_aComunicación por Internet _96000 |
|
| 650 | 0 |
_aInteracción hombre-máquina _96001 |
|
| 700 | 1 |
_aWagner, Jorg _96002 _eAutor |
|
| 700 | 1 |
_aBucher, Juliane _96003 |
|
| 700 | 1 |
_aEhmer, Oliver _96004 |
|
| 700 | 1 |
_aEnnis, Juan _96005 _etraductor |
|
| 700 | 1 |
_aPelfini, Alejandro _96006 _etraductor |
|
| 830 |
_95993 _aInclusiones. |
||
| 942 |
_2lcc _cBK |
||
| 946 | _aIMRO | ||